<?xml version="1.0" encoding="UTF-8"?>
<collection xmlns="http://www.loc.gov/MARC21/slim">
 <record>
  <leader>00423pamaa2200145   4500</leader>
  <controlfield tag="001">0000036056</controlfield>
  <controlfield tag="005">20060817090000.0</controlfield>
  <datafield tag="020" ind1="0" ind2="0">
   <subfield code="a">0471239704 (pbk) </subfield>
  </datafield>
  <datafield tag="082" ind1=" " ind2=" ">
   <subfield code="a">658.15 DAM</subfield>
  </datafield>
  <datafield tag="090" ind1="0" ind2="0">
   <subfield code="a">HG4026 </subfield>
   <subfield code="b">DAM 1999</subfield>
  </datafield>
  <datafield tag="100" ind1="1" ind2="0">
   <subfield code="a">DAMODARAN </subfield>
  </datafield>
  <datafield tag="245" ind1="1" ind2="0">
   <subfield code="a">APPLIED Corporate finance : </subfield>
   <subfield code="b">A user's manual  </subfield>
   <subfield code="c">Aswath Damodaran.</subfield>
  </datafield>
  <datafield tag="260" ind1="0" ind2="0">
   <subfield code="a">New York: </subfield>
   <subfield code="b">John Wiley &amp; Sons, Inc., </subfield>
   <subfield code="c">1999.</subfield>
  </datafield>
  <datafield tag="300" ind1=" " ind2=" ">
   <subfield code="a">xvi, 566p.; </subfield>
   <subfield code="c">24cm.</subfield>
  </datafield>
  <datafield tag="650" ind1="0" ind2="0">
   <subfield code="a">Corporations -- </subfield>
   <subfield code="x">Finance </subfield>
  </datafield>
 </record>
</collection>
